[Event "Perenyi Memorial"]
[Site "Gyula"]
[Date "2000.01.31"]
[Round "8"]
[White "Horvath, Csaba"]
[Black "Ruck, Robert"]
[Result "1/2-1/2"]
[WhiteElo "2519"]
[BlackElo "2472"]
[Annotator "Krasenkow,M"]
[PlyCount "46"]
[EventDate "2000.01.24"]
[EventType "tourn"]
[EventRounds "13"]
[EventCountry "HUN"]
[EventCategory "9"]
[SourceTitle "CBM 076"]
[Source "ChessBase"]
[SourceDate "2000.05.31"]
[SourceVersion "1"]
[SourceVersionDate "2000.05.31"]
[SourceQuality "1"]

1. d4 {King} Nf6 2. c4 g6 3. Nc3 d5 4. cxd5 Nxd5 5. e4 Nxc3 6. bxc3 Bg7 7. Bb5+
c6 8. Ba4 O-O 9. Ne2 c5 10. O-O Nc6 11. Be3 Na5 {King: 'To my eyes a logical
way of meeting White's opening system: the c4 square is no longer guarded by
the bishop, so now is the moment to occupy it.  It has been seen many times
over in the Gruenfeld: once the knight blockades on c4, the c3 pawn won't move
and the dark-squared bishop is dominated. It is worth a pawn to achieve it. '}
12. Rb1 b6 $1 {The most accurate move maintaining both possibilities: Nc4 and
Ba6. Details - see CBM70.} 13. dxc5 (13. Bb5 Bb7 (13... Be6 14. d5 Bd7 15. Bd3
e5 16. f4 f5 17. Ng3 c4 (17... g5 $1 $13 {Timman,J}) 18. Bc2 g5 $2 19. fxe5 f4
20. e6 Bxe6 21. e5 $1 Bf7 22. e6 Bg6 23. Bxg6 hxg6 24. d6 $16 {Avrukh,B-Timman,
J/Lost Boys 1999/0-1 (71)}) 14. f3 cxd4 15. cxd4 e6 16. Rc1 Qe7 17. Qd2 Rfc8
18. Rxc8+ $6 (18. Rfd1 $1 $13 {Atalik,S}) 18... Rxc8 19. Rc1 Rxc1+ 20. Qxc1 Qb4
$1 21. Bd3 Nc6 22. e5 Ne7 23. Be4 Nd5 $17 {Korotylev,A-Atalik,S/Alushta 1999/
0-1 (51)-CBM70}) (13. Qd3 $5 {preventing both Black's ideas} Be6 14. d5 Bd7 15.
Bc2 e5 16. f4 f5 17. Ng3 fxe4 18. Nxe4 Bf5 19. d6 Qd7 20. fxe5 Bxe5 21. Rxf5
Qxf5 22. Qd5+ Kh8 23. Ng3 Qf6 24. Ne4 Qf5 25. Rd1 $6 Bg7 26. Qd3 Nc6 27. Bg5
Rae8 {Krush,I-Atakisi,U/WCh U18 Boys 1999/0-1 (56)}) 13... Ba6 14. Bb5 Bxb5 15.
Rxb5 Nc4 {As usually in similar positions, White's extra pawn has no
importance as his pawn structure is compromised.} 16. Bg5 h6 17. Rb4 {
Recommended by P.Svidler.} (17. Qxd8 Rfxd8 18. Bxe7 Re8 19. Rb4 Ne5 20. Bd6 Nd3
21. Ra4 b5 22. Ra6 Rxe4 23. Nc1 Nb2 $44 {1/2-1/2 Arencibia,W-Shirov,A/Espana
73/530 1998 (31)-CBM70}) 17... b5 $1 {Keeping the knight at its formidable
position.} ({After} 17... Ne5 {Black faces more trouble achieving equality:}
18. Be3 (18. Qxd8 $6 Rfxd8 19. Bxe7 Rd2) 18... Ng4 19. Qxd8 Rfxd8 20. cxb6 axb6
21. Bxb6 Rd2 22. Nc1 Bxc3 23. Rc4 Bb2 24. h3 Ne5 25. Rc7 Rd7 $1 26. Rc2 Bd4 $1
27. Bxd4 Rxd4 28. f3 g5 29. Rff2 Rd1+ 30. Rf1 Rd4 31. Rff2 $6 Rd1+ 32. Kh2 Rxc1
33. Rxc1 Nd3 34. Rcc2 Nxf2 35. Rxf2 {Gleizerov,E-Roeder,M/Las Palmas 74/470
1998/1/2-1/2 (47)}) 18. Bc1 Rb8 (18... Qxd1 $5 19. Rxd1 Rfd8 20. Rxd8+ Rxd8 21.
f4 a6 22. a4 e5 (22... Rd1+ 23. Kf2 Bxc3 24. Nxc3 Rxc1 25. axb5 $1 Rxc3 26.
bxa6 Rc2+ 27. Ke1 Ne3 28. a7 Nxg2+ 29. Kf1 Ne3+ 30. Kg1 Rg2+ 31. Kh1 $18) 23.
axb5 Bf8 24. Rxc4 axb5 25. Rd4 {1/2-1/2 Gleizerov,E-Oral,T/Rilton Cup 1999} (
25. Rd4 exd4 26. cxd4 b4 $13)) 19. a4 a6 20. axb5 axb5 21. Nd4 Qc7 22. Nxb5
Qxc5 23. Qb3 (23. Qd5 Qxd5 24. exd5 Rfc8 25. Na7 Bxc3 26. Rxb8 Rxb8 27. Nc6 Rb5
28. Nxe7+ Kf8 29. Nc6 g5 30. d6 {1/2-1/2 Shariyazdanov,A-Bagirov,V/MTO 1999})
23... Rbc8 {White's extra pawn is weak and blocked; the black pieces are more
active; so White's advantage is out of question.} 1/2-1/2

[Event "Perenyi Memorial"]
[Site "Gyula"]
[Date "2000.01.26"]
[Round "3"]
[White "Horvath, Csaba"]
[Black "Groszpeter, Attila"]
[Result "1/2-1/2"]
[WhiteElo "2519"]
[BlackElo "2470"]
[Annotator "Krasenkow,M"]
[PlyCount "48"]
[EventDate "2000.01.24"]
[EventType "tourn"]
[EventRounds "13"]
[EventCountry "HUN"]
[EventCategory "9"]
[SourceTitle "CBM 076"]
[Source "ChessBase"]
[SourceDate "2000.05.31"]
[SourceVersion "1"]
[SourceVersionDate "2000.05.31"]
[SourceQuality "1"]

1. d4 Nf6 2. c4 g6 3. Nc3 d5 4. cxd5 Nxd5 5. e4 Nxc3 6. bxc3 Bg7 7. Nf3 c5 8.
Rb1 O-O 9. Be2 cxd4 10. cxd4 Qa5+ 11. Bd2 Qxa2 12. O-O Bg4 13. Bg5 h6 14. Bh4
a5 15. Rxb7 g5 16. Bg3 a4 17. Rc7 Qb2 {About this variant see CBM74.} 18. Bc4
a3 {Black decides to push his pawn. He is rather ready to sacrifice his knight
than develop it. It looks more risky than} (18... Nd7 19. Bd5 Rad8 20. Qxa4
Bxf3 21. gxf3 Qxd4 22. Qxd4 Bxd4 23. Rd1 e5 24. Kg2 Nf6 $11 {Solozhenkin,
E-Tseitlin,M/15th ECC Final 1999/1/2-1/2 (89)-CBM74}) {Still, Black appears to
achieve a draw easily.} 19. Bd5 (19. Rxe7 $2 Nc6) 19... Bxf3 $1 {Eliminating
the knight protecting the d4 pawn.} 20. gxf3 (20. Qxf3 $2 a2) 20... Ra6 21. Rb7
Qxd4 {Forcing a draw.} 22. Qxd4 (22. Qb3 $2 a2) (22. Qc2 $6 e6) 22... Bxd4 23.
Bxb8 a2 24. Bxa2 Rxa2 1/2-1/2

[Event "Corus"]
[Site "Wijk aan Zee"]
[Date "2000.01.24"]
[Round "8"]
[White "Lputian, Smbat G"]
[Black "Kasparov, Garry"]
[Result "1/2-1/2"]
[WhiteElo "2605"]
[BlackElo "2851"]
[Annotator "Krasenkow,M"]
[PlyCount "60"]
[EventDate "2000.01.15"]
[EventType "tourn"]
[EventRounds "13"]
[EventCountry "NED"]
[EventCategory "18"]
[SourceTitle "CBM 075"]
[Source "ChessBase"]
[SourceDate "2000.04.05"]
[SourceVersion "1"]
[SourceVersionDate "2000.04.05"]
[SourceQuality "1"]

1. d4 Nf6 2. c4 g6 3. Nc3 d5 4. cxd5 Nxd5 5. e4 Nxc3 6. bxc3 Bg7 7. Be3 c5 8.
Qd2 cxd4 9. cxd4 Nc6 10. Rd1 Bg4 {About this variation - see Krush-Lalic in
the present issue.} 11. Be2 Bxe2 12. Nxe2 Na5 $146 {Black immediately starts
fighting for the c4 square. It is worth mentioning that in the Gruenfeld
defence the black knight is usually perfectly placed on a5 (at the edge of the
board!) and takes active part in the battle.} 13. Qb4 (13. Rc1 $5 b5 $140 (
13... O-O {/\b6,Rc8}) 14. Qb4 a6 15. d5 Nc4 16. Bd4 O-O 17. Bxg7 Kxg7 18. O-O (
18. Nd4 e5) 18... Rc8 19. Nd4) 13... O-O 14. O-O b6 15. d5 Qd6 16. Qb5 (16.
Qxd6 exd6 17. Bd4 Rac8 $13) 16... Qe5 {Kasparov finds an interesting way to
solve his opening problems. The idea of this move is to provoke f2-f3,
weakening the dark squares in White's camp.} (16... Rfc8 17. Rc1 Qe5 18. Qa6 $1
{and Black must give up the c-file without having time to capture on e4.}) (
16... Rac8 $5 17. Rc1 Qe5) 17. Rd4 {An awkward move; however, if} (17. f3 {then
} Rfc8 18. Bd4 (18. Bf4 Qb2) 18... Qd6 {[%cal Yd6a3] and the bishop exchange
after} 19. Bxg7 Kxg7 {[%cal Yd6c5] further weakens the dark squares.}) 17...
Qb8 18. Ra4 $6 {A dubious attempt to play for a win as the rook can now easily
find itself out of play.} (18. Rdd1 $11) 18... Rc8 19. Nd4 Rc5 20. Qd7 Rc7 21.
Qb5 {White already agrees to a draw but Black doesn't!} Qc8 22. h3 Rc5 23. Qb1
Qd7 24. Rb4 (24. Nc6 $2 Nxc6 25. Bxc5 Nd8) 24... Rac8 $2 {A normal developing
move leading, however, to equalising simplifications.} (24... Nc4 $1 $17 {
After the exchange of this knight for the e3 bishop Black's remaining bishop
will be stronger than White's knight; besides, Black controls the important
c-file. A similar structure arose in the game Krush-Lalic from this issue.
Here, however, Black has an additional advantage: the white b4 rook is poorly
placed. True, the white knight can come to c6 but it will not be safe there in
view of the ...e7-e6 possibility. If} 25. Nb3 {then} Rcc8 {threatening 26...a5}
(25... Nxe3 $2 26. Nxc5 bxc5 27. Rb8+)) 25. Nc6 $1 {Did Kasparov overlook or
underestimate this?} Nxc6 26. Bxc5 Nxb4 27. Bxb4 {[%csl Re7][%cal Yf1c1]} Bc3 {
It looks like, having made a mistake, Kasparov aims for a drawing liquidation.
White's counterplay against the e7 pawn is sufficient for equality anyway.} 28.
Rc1 Bxb4 29. Rxc8+ Qxc8 30. Qxb4 Qc1+ 1/2-1/2

[Event "Olympiad-32"]
[Site "Yerevan"]
[Date "1996.09.25"]
[Round "9.1"]
[White "Krasenkow, Michal"]
[Black "Khachiyan, Melikset"]
[Result "1-0"]
[WhiteElo "2605"]
[BlackElo "2480"]
[Annotator "Krasenkow,M"]
[PlyCount "75"]
[EventDate "1996.09.15"]
[EventType "team-swiss"]
[EventRounds "14"]
[EventCountry "ARM"]
[SourceTitle "CBM 055"]
[Source "ChessBase"]
[SourceDate "1996.12.01"]
[SourceVersion "1"]
[SourceVersionDate "1996.12.01"]
[SourceQuality "1"]
[WhiteTeam "Poland"]
[BlackTeam "Armenia II"]
[WhiteTeamCountry "POL"]
[BlackTeamCountry "ARM"]

1. Nf3 Nf6 2. c4 g6 3. Nc3 d5 4. cxd5 Nxd5 5. e4 Nxc3 6. bxc3 Bg7 7. d4 c5 8.
Rb1 O-O 9. Be2 Nc6 10. d5 Ne5 11. Nxe5 Bxe5 12. Qd2 b6 13. O-O e6 14. Bc4 Bb7
$2 $146 (14... Bg7) 15. dxe6 fxe6 (15... Bxe4 16. exf7+ Kh8 (16... Kg7 17. Qe3
Bxh2+ (17... Qe7 18. Rb2 Bc6 19. Re2 $18) 18. Kxh2 Qb8+ 19. Kg1 Bxb1 20. Qh6+
Kh8 21. Bf4 $18) 17. Qe3 Bxh2+ (17... Qe7 18. Rb2 Bf5 19. Re2 $18) 18. Kxh2
Qb8+ 19. Qf4 $1 Bxb1 20. Qxb8 Raxb8 21. Bf4 $18) 16. Bxe6+ Kh8 17. Bd5 $16 Bxd5
18. exd5 Rf5 (18... Qf6 $142 19. Bb2 $16 (19. c4 $6 Qh4 20. f4 Bd4+ 21. Kh1
Rae8 $44)) 19. f4 Bg7 20. c4 Bd4+ 21. Kh1 Qf6 22. Qe2 Rf8 23. Bd2 Qf7 24. g4 (
24. a4 $1 {/\a5}) 24... Rf6 25. Qf3 (25. a4 $1) 25... Qd7 26. Rbe1 $6 (26. Rfe1
) 26... a6 $6 (26... b5 $1 27. cxb5 Qxb5 28. Re7 Qb2 $132) 27. Re4 $1 b5 {[#]}
28. Rxd4 $1 cxd4 29. c5 $18 Rd8 30. d6 Rc8 (30... Qe6 31. f5 Qxa2 32. Bg5) 31.
Qd5 Kg7 32. Re1 $1 Re8 33. Rxe8 Qxe8 34. Qxd4 Qe2 35. h3 $1 Qc4 (35... Kf7 36.
d7 Re6 37. d8=N+ $1) 36. Qxc4 bxc4 37. d7 Rf8 38. c6 1-0

[Event "Olympiad-32"]
[Site "Yerevan"]
[Date "1996.09.19"]
[Round "4.1"]
[White "Krasenkow, Michal"]
[Black "Azmaiparashvili, Zurab"]
[Result "0-1"]
[WhiteElo "2605"]
[BlackElo "2670"]
[Annotator "Krasenkow,M"]
[PlyCount "146"]
[EventDate "1996.09.15"]
[EventType "team-swiss"]
[EventRounds "14"]
[EventCountry "ARM"]
[SourceTitle "CBM 055"]
[Source "ChessBase"]
[SourceDate "1996.12.01"]
[SourceVersion "1"]
[SourceVersionDate "1996.12.01"]
[SourceQuality "1"]
[WhiteTeam "Poland"]
[BlackTeam "Georgia"]
[WhiteTeamCountry "POL"]
[BlackTeamCountry "GEO"]

1. Nf3 Nf6 2. c4 g6 3. Nc3 d5 4. d4 Bg7 5. cxd5 Nxd5 6. e4 Nxc3 7. bxc3 c5 8.
Rb1 O-O 9. Be2 cxd4 10. cxd4 Qa5+ 11. Bd2 Qxa2 12. O-O Bg4 13. Be3 Nc6 14. d5
Bxf3 15. Bxf3 Ne5 16. Bc5 Bf6 17. Rxb7 Rfb8 18. Bxe7 Rxb7 19. Bxf6 Re8 20. h4
Qa3 21. Bxe5 Rxe5 22. Qd4 Qb2 23. Qc4 Re8 24. Qc6 Qb5 25. Qc3 Qb4 26. Qc6 Rbb8
27. Rd1 Rbc8 28. Qa6 Qb6 29. Qa2 a5 30. Rb1 Qc5 31. Rd1 h5 32. g3 Qc2 33. Qxa5
Rc3 34. Qb5 Rxe4 35. Bxe4 Qxd1+ 36. Kh2 Qd4 37. Qe2 Rb3 38. Kg2 Rb2 39. Qe1 Qe5
40. Kf1 Ra2 41. Qb4 Qa1+ 42. Kg2 Ra4 43. Qe7 Qd4 44. Bf3 Ra2 45. Qe1 Kg7 46.
Qf1 Qd2 47. Kg1 Kh7 48. Kg2 Rc2 49. d6 Qxd6 50. Be4 Rd2 51. Qc4 Qf6 52. Qc5 Kg7
53. Qe3 Qb2 54. Qf3 Qd4 55. Kg1 f5 56. Ba8 f4 57. Qxf4 $2 Qxf4 58. gxf4 Rd4 59.
Kg2 Rxf4 60. Kg3 Rg4+ 61. Kh3 Kf6 62. f3 Rf4 63. Kg3 Ke5 64. Bc6 Rf6 65. Be4 $2
(65. Ba4 Kd4 66. Kf2 Rb6 (66... Re6 67. Bd7 Re7 68. Ba4 Kd3 69. Bb5+ Kd2 70.
Bc4) (66... Ra6 67. Be8 Ke5 (67... Ra2+ 68. Kf1 g5 69. hxg5 h4 70. g6) 68. Kg3
Ra1 69. Bc6) 67. Be8 Rb2+ 68. Kf1 g5 (68... Ke3 69. Bxg6 Rf2+ 70. Kg1 Kxf3 71.
Bxh5+ Kg3 72. Bg6) 69. hxg5 h4 70. g6 Ke3 71. g7 h3 72. Kg1 Rg2+ 73. Kh1 Kxf3
74. Bc6+ Kf2 75. g8=Q Rxg8 76. Kh2 Rh8 77. Bd7 Kf3 78. Be6 $10) 65... Kd4 66.
Kf2 Rb6 67. Kg3 Ke3 68. Bc2 Rc6 69. Be4 Rf6 70. Bb7 Rf4 71. Bd5 Ra4 72. Bf7 Ra1
73. Kg2 Ra7 {3.14-2.24} 0-1

[Event "Pamplona 9899 9th"]
[Site "Pamplona"]
[Date "1999.01.04"]
[Round "8"]
[White "Van Wely, Loek"]
[Black "Sutovsky, Emil"]
[Result "1/2-1/2"]
[WhiteElo "2635"]
[BlackElo "2575"]
[Annotator "Krasenkow,M"]
[PlyCount "57"]
[EventDate "1998.12.27"]
[EventType "tourn"]
[EventRounds "9"]
[EventCountry "ESP"]
[EventCategory "13"]
[SourceTitle "CBM 069"]
[Source "ChessBase"]
[SourceDate "1999.04.01"]
[SourceVersion "1"]
[SourceVersionDate "1999.04.01"]
[SourceQuality "1"]

1. d4 Nf6 2. c4 g6 3. Nc3 d5 4. cxd5 Nxd5 5. e4 Nxc3 6. bxc3 Bg7 7. Be3 c5 8.
Rc1 Qa5 9. Qd2 cxd4 10. cxd4 Qxd2+ 11. Kxd2 O-O 12. Bd3 {[%cal Yg1e2] The
ideas of developping the knight to e2 are: 1) to avoid Bc8-g4; 2) to have a
defence f2-f3 in the event of ...f7-f5. Still, the indifferent move Bf1-d3
yields Black new possibilities of counterplay. However,} (12. Bb5 {is not
formidable either, e.g.} Nc6 13. Ne2 Rd8 14. Bxc6 bxc6 15. Rhd1 Rb8 16. Rxc6
Bb7 17. Rc7 Bxe4 18. f3 Bd5 19. Rxa7 Bc4 20. Ke1 e5 21. dxe5 Rxd1+ 22. Kxd1
Bxe5 23. f4 Bf6 24. Nc1 Re8 25. Bd2 Bd5 26. g3 Bf3+ $44 {Andreev,K-Gubanov,A/
ch-city, St Petersburg RUS 1997/1/2-1/2 (42)}) 12... Nc6 13. Ne2 Rd8 14. Rc4 f5
(14... Bd7 15. Rhc1 e6 16. f3 Be8 17. e5 Rd7 18. f4 Rad8 19. Be4 Ne7 20. Bf2 f5
21. Bf3 g5 {1/2-1/2 Dejkalo,S-Konopka,M/Prague Bohemians-B 1989}) 15. Rb1 fxe4
$1 $146 (15... Be6 16. Ra4 fxe4 17. Bxe4 Rd7 18. d5 Bxd5 19. Rxb7 Rad8 20. Rxd7
Rxd7 21. Bxd5+ Rxd5+ 22. Kc2 a5 23. a3 Kf7 24. Rc4 Ne5 25. Rc5 Rxc5+ 26. Bxc5
Ke6 27. Kb3 Nd3 28. Bb6 Kd5 29. Nc3+ {1/2-1/2 Sadler,M-Svidler,P/Fontys 1998})
16. Bxe4 Bf5 {[%csl Rd4,Re3] A standard manoeuvre leading Black to a slightly
superior endgame.} 17. Bxf5 gxf5 18. Ke1 Rd7 19. f3 Rad8 20. Kf2 Kf7 21. Rb5 e6
{White must now create a kingside counterplay to equalize chances.} 22. a4 Bf6
23. g4 $1 a6 {[%csl Rb6,Rb7]} 24. Rb1 fxg4 25. fxg4 Nxd4 26. Nxd4 Bxd4 27. Bxd4
Rxd4 28. Rxb7+ Kf6 29. Rxd4 1/2-1/2

[Event "Biel Suri Memorial"]
[Site "Biel"]
[Date "2014.07.23"]
[Round "9"]
[White "Wojtaszek, Radoslaw"]
[Black "Harikrishna, Pentala"]
[Result "1-0"]
[WhiteElo "2733"]
[BlackElo "2726"]
[Annotator "Krasenkow,M"]
[PlyCount "80"]
[EventDate "2014.07.14"]
[EventType "tourn"]
[EventRounds "10"]
[EventCountry "SUI"]
[EventCategory "19"]
[SourceTitle "CBM 162"]
[Source "ChessBase"]
[SourceDate "2014.09.17"]
[SourceVersion "1"]
[SourceVersionDate "2014.09.17"]
[SourceQuality "1"]

1. d4 Nf6 2. c4 g6 3. Nc3 d5 4. cxd5 Nxd5 5. e4 Nxc3 6. bxc3 Bg7 7. Bb5+ Nc6 {
Hardly a good reaction to the bishop check.} 8. Nf3 {[%mdl 4] The most
appropriate reply. The d4 point is safe so White has no reason to fear ...
Bc8-g4.} (8. Ne2 O-O {is less convincing:} 9. O-O (9. Bxc6 bxc6 10. Ba3 Ba6 (
10... Re8 $5 11. f4 e5 12. fxe5 f6 13. O-O fxe5 14. Qd3 Bg4 15. Bc5 Qd7 $11 {
0-1 (21) Mitigas,S-Atalik,S (2555) Ikaria 1997}) 11. O-O Re8 12. Qc2 e5 {
1/2 Tunik,G-Yandemirov,V/Minsk-B 1993}) 9... Na5 10. Be3 (10. Ba3 c6 11. Bd3 b6
12. Qc2 {1/2 Gleizerov,E-Yandemirov,V/Balatonbereny 1994}) (10. Bg5 c6 11. Bd3
Be6 12. f4 Bc4 13. f5 b5 14. Rf3 {1/2 (35) Akesson,R (2520)-Konopka,M (2410)
Pardubice 1997} c5 $132) (10. a4 b6 11. Be3 Bb7 12. Qc2 c5 {1/2 (12) Bonin,J 
(2360)-Kreiman,B (2395) New York 1995}) 10... c6 11. Bd3 e5 (11... Be6 $5) 12.
Qc2 (12. Rb1 Be6 13. a4 Qe7 14. f4 f6 $13 {0-1 (39) Grabliauskas,V (2430)
-Khachiyan,M (2480) Pardubice 1996}) 12... Be6 13. Rad1 Qe7 14. f4 exf4 15.
Bxf4 Bc4 16. Ng3 b5 17. e5 f6 18. exf6 Rxf6 19. Ne4 Rf5 20. Rde1 {0-1 (36)
Gleizerov,E (2545)-Zagorskis,D (2505) Vilnius 1997} Qd7 $11) (8. Qf3 {is
harmless:} O-O 9. Ne2 Na5 10. h4 a6 11. Ba4 c5 $132 12. h5 $6 cxd4 13. cxd4
Bxd4 14. Rb1 Nc4 15. Bb3 Be6 16. Nxd4 Qxd4 17. O-O b5 {0-1 (52) Kincs,I (2300)
-Yandemirov,V (2465) Budapest 1993}) 8... O-O 9. O-O Na5 {[%cal Yc7c5]} (9...
Bd7 {is too passive:} 10. Rb1 b6 (10... Re8 {1/2 (88) Neverov,V (2485)
-Khachiyan,M (2420) Moscow 1995} 11. Be3 $14) 11. Bg5 Re8 12. Qc1 Na5 {1/2 (30)
Gurevich,D (2488)-Khachiyan,M (2539) Saint Louis 2010} 13. Be2 $14) 10. Bf4
$146 {[%mdl 8] A good continuation. White's bishop needn't protect the centre
so it controls some important squares (c7, b8). Other options:} (10. h3 {
looks like an unnecessary waste of time:} b6 11. Bg5 Bb7 12. Qe2 c6 13. Ba4 (
13. Bd3 c5) 13... Qd6 14. Bc2 Rfe8 15. e5 Qe6 16. Be4 c5 17. Bxb7 Nxb7 $11 {
1/2 (30) Khenkin,I (2570)-Yandemirov,V (2490) Heraklio 1993}) (10. Be3 Bd7 (
10... b6 11. Rc1 Bb7 12. Bd3 Qd7 13. Qe2 Rfd8 14. Rfd1 Rac8 15. c4 c5 16. d5 e6
17. Bd2 $6 (17. Qd2 $142 $14) 17... exd5 18. cxd5 c4 19. Bb1 c3 20. Be3 Nc4
$132 {1-0 (40) Beliavsky,A (2610)-Filipovic,B (2410) Becici 1993}) (10... c6
11. Bd3 Be6 12. Qe2 b5 13. Nd2 Qc7 (13... Rb8 {1/2 (35) Shumiakina,T (2351)
-Votava,J (2497) Pardubice 1999} 14. f4 b4 15. f5 bxc3 16. fxe6 cxd2 17. exf7+
Rxf7 18. Rxf7 Kxf7 19. Qxd2 Bxd4 20. Qf2+ Bf6 21. Rd1 $14) 14. a4 a6 15. Ra3 c5
$6 16. axb5 c4 17. Bc2 axb5 18. Rfa1 $16 {0-1 (59) Ovod,E (2355)-Yandemirov,V 
(2502) St Petersburg 2002}) 11. Be2 c5 12. Rc1 Qc7 13. Qd2 Rad8 14. Bf4 Qc8 15.
h3 b6 16. Qe3 $14 {1/2 (40) Socko,M (2441)-Predojevic,B (2546) Cappelle la
Grande 2005}) (10. Bg5 {is also a possible development:} c6 (10... b6 11. Qe2
$1 (11. Qd2 c6 12. Be2 Be6 13. Rad1 Qd6 14. Qc2 Bc4 15. Rfe1 Rfe8 16. Bh4 Qa3
17. Bxc4 Nxc4 18. Qb3 Qxb3 19. axb3 Na5 20. Rb1 c5 $11 {0-1 (53) Atalik,S 
(2535)-Yandemirov,V (2490) Heraklio 1993})) 11. Bd3 Be6 12. Qe2 b5 13. Nd2 a6
14. a4 Qc7 15. Ra3 c5 $6 16. axb5 cxd4 17. cxd4 Bxd4 18. bxa6 Rfd8 19. Nf3 $16
{0-1 (33) Yakovich,Y (2560)-Yandemirov,V (2460) Elista 1995 CBM 050 [Ftacnik,L]
}) (10. Ba3 $5 {looks quite strong, too:} c6 11. Bd3 (11. Be2 Be6 12. Qa4 b5
13. Qb4 Bc4 14. Rfe1 Re8 15. Bc1 Bxe2 16. Rxe2 Nc4 $132 {1/2 (41) Virovlansky,
S (2345)-Yandemirov,V (2545) St Petersburg 1998}) 11... Be6 12. Qe2 b5 13. Nd2
(13. Rfd1 Bc4 14. Bc5 Qc7 15. Bxc4 Nxc4 16. a4 a6 17. Ne1 Rfd8 18. e5 $36 Nb6 {
1/2 (32) Riazantsev,A (2290)-Yandemirov,V (2545) Krasnodar 1998} 19. Bxb6 Qxb6
20. e6 $14) 13... a6 14. Kh1 Nb7 15. f4 c5 16. f5 Bc8 17. e5 gxf5 18. Qh5 e6 {
1-0 (43) Danielian,O (2450)-Yandemirov,V (2545) Moscow 1998 CBM 063 [Ftacnik,L]
} 19. g4 $40) 10... Bd7 (10... c6 11. Bd3 Be6 12. Qe2 b5 13. Nd2 {is similar
to the previous lines while the bishop is placed on f4 quite well.}) 11. Be2 c5
12. d5 $1 {An important move, especially appropriate as Black can't just take
on c3.} Bg4 (12... Bxc3 13. Rc1 Bb4 $6 14. Bh6) 13. e5 {[%csl Gd5,Ge5][%mdl 32]
} Qd7 14. Re1 Rad8 15. h3 Bf5 16. c4 $16 {White has strengthened his pawn
centre and has a clear advantage.} e6 17. Qd2 (17. Bg5 $5 f6 (17... exd5 18.
Bxd8 Rxd8 19. cxd5 Qxd5 20. Qxd5 Rxd5 21. Rad1 Be6 22. Rxd5 Bxd5 23. Rd1 Bxa2
$140 24. Ra1 Bc4 25. Bxc4 Nxc4 26. Rxa7 $18) 18. exf6 Bxf6 19. Bxf6 Rxf6 20.
Qd2 Qc7 21. Qc3 Rff8 22. Rad1 $16) 17... b6 18. d6 (18. Bg5 $1 {is probably
more accurate. Black has nothing better than the exchange sacrifice but White
keeps the upper hand:} exd5 (18... f6 19. exf6 Bxf6 20. Bxf6 Rxf6 21. Ne5 Qg7
22. Bf3 $16) 19. Bxd8 Rxd8 20. cxd5 Qxd5 21. Qxd5 Rxd5 22. Rad1 Be6 23. Rxd5
Bxd5 24. Rd1 Bxa2 25. Rd7 $16) 18... Be4 (18... f6 $142 $1 19. Rad1 Nc6 20.
exf6 (20. Bf1 g5 21. Bg3 g4 $1 $132 {(recommended by IM Maxim Notkin)}) 20...
Bxf6 $14) 19. Ng5 Bb7 20. Rad1 (20. Rac1 $142 {M.Notkin}) 20... Kh8 $2 {
Black misses a chance to win a pawn (of course, White would keep good
compensation but still...):} (20... h6 21. Nf3 Bxf3 22. Bxf3 (22. gxf3 $2 Nc6)
22... Nxc4 {since} 23. Qc1 b5 24. Bxh6 {doesn't work due to} Nxe5 $1) {After
the text move White's pawn wedge gradually decides the game.} 21. Qe3 Nc6 22.
Nf3 Nb4 23. Rd2 Qa4 {Desperation.} 24. Bd1 Qa6 25. Bg5 Rd7 26. Bf6 $1 {Even
better than} (26. Be7 $5 {winning the exchange as the f8-rook can't retreat:}
Re8 $2 27. Qf4 Kg8 28. Ng5) 26... Bxf6 (26... Kg8 27. Nh2 h5 28. Qf4 {[%cal
Yd1h5] M.Notkin}) 27. exf6 Bxf3 28. Bxf3 Qc8 29. Qe4 $6 (29. Qg5 {[%cal Ye1e4]
(M.Notkin) wins on the spot:} Rg8 30. Re4 Qf8 31. Rh4 {[%cal Yh4h6,Yg5h4]})
29... Rg8 30. a3 Na6 31. Bd1 Nb8 32. Ba4 Rdd8 33. g4 Qa6 34. Qc2 Qb7 35. Qc3
Nc6 $2 {A blunder in a poor position.} (35... Nd7 36. g5 $16) 36. Bxc6 Qxc6 37.
Rxe6 $1 {[%mdl 64]} Rgf8 (37... fxe6 38. f7+ Rg7 39. d7 $1 {[%cal Rf7f8]} Qa8
40. Qf6 $18) 38. Qe5 Qf3 39. Qe3 Qc6 (39... Qxe3 40. Rxe3 Rd7 41. Re7 Rfd8 42.
Kg2 a6 43. Kf3 b5 44. Ke4 bxc4 45. Rxd7 Rxd7 46. Kd5 $18) 40. Re7 Rd7 (40...
Rd7 41. Qh6 Rg8 42. Re8 $18) 1-0